| 000 | 00960cam a2200277 a 4500 | ||
|---|---|---|---|
| 001 | 2829 | ||
| 005 | 20250507094940.0 | ||
| 020 | _a0140341706 | ||
| 040 |
_aDLC _cDLC _dDLC _beng |
||
| 050 | 1 | 0 |
_aPZ7.K6797 _bHi 1990 |
| 082 | 0 | 0 |
_a813 _220 |
| 100 | 1 | _aKline, Suzy | |
| 245 | 1 | 0 |
_aHerbie Jones and the monster ball / _cby Suzy Kline ; illustrated by Richard Williams |
| 260 |
_aNew York : _bScholastic, _c1988 |
||
| 300 |
_a126 pages : _billustrations ; _c20 cm |
||
| 500 | _aReprint. Originally published: New York : Putnam, c1988. | ||
| 505 | _aI | ||
| 520 | _aStrike-out king, Herbie Jones, feels that the summer is ruined when his uncle arrives to coach a baseball team and asks Herbie to join up. | ||
| 521 |
_a460 _bLexile |
||
| 521 |
_aI _bRaz-Plus |
||
| 650 | 1 |
_aBaseball _xFiction. |
|
| 650 | 1 |
_aUncles _xFiction. |
|
| 700 | 1 |
_aWilliams, Richard _d1950- _eillustrator |
|
| 906 |
_a7 _bcbc _corignew _d1 _eocip _f19 _gy-gencatlg |
||
| 942 |
_2ddc _cBK _n0 |
||
| 999 |
_c2829 _d2829 |
||